Top 70 Länder nach Einwohner - Statistiken

Allgemein
  • Dieses Quiz wurde 23 mal gespielt
  • Das Durchschnittsergebnis liegt bei 58 aus 70
Antwortstatistiken
Anzahl Einwohner (2022) Länder % Korrekt
46'200'000 Argentinien
100%
214'800'000 Brasilien
100%
1'980'000 Chile
100%
1'436'600'000 China
100%
1'417'200'000 Indien
100%
44'500'000 Irak
100%
88'600'000 Iran
100%
58'900'000 Italien
100%
124'900'000 Japan
100%
49'100'000 Kolumbien
100%
47'400'000 Spanien
100%
60'600'000 Südafrika
100%
85'200'000 Türkei
100%
332'800'000 Vereinigte Staaten
100%
103'500'000 Ägypten
95%
25'800'000 Australien
95%
99'000'000 Demokratische Republik Kongo
95%
83'300'000 Deutschland
95%
38'800'000 Kanada
95%
36'700'000 Marokko
95%
26'100'000 Nordkorea
95%
144'300'000 Russland
95%
51'600'000 Südkorea
95%
41'000'000 Ukraine
95%
41'100'000 Afghanistan
89%
65'800'000 Frankreich
89%
67'600'000 Grossbritannien
89%
275'500'000 Indonesien
89%
19'200'000 Kasachstan
89%
127'500'000 Mexiko
89%
26'200'000 Niger
89%
218'500'000 Nigeria
89%
235'800'000 Pakistan
89%
36'700'000 Saudi-Arabien
89%
22'100'000 Syrien
89%
66'800'000 Thailand
89%
44'900'000 Algerien
84%
123'400'000 Äthiopien
84%
171'200'000 Bangladesch
84%
54'200'000 Myanmar
84%
38'000'000 Polen
84%
46'900'000 Sudan
84%
65'500'000 Tansania
84%
28'300'000 Venezuela
84%
99'400'000 Vietnam
84%
33'500'000 Ghana
79%
33'700'000 Jemen
79%
54'000'000 Kenia
79%
32'700'000 Malaysia
79%
22'600'000 Mali
79%
17'700'000 Niederlande
79%
33'400'000 Peru
79%
115'600'000 Philippinen
79%
19'000'000 Rumänien
79%
28'200'000 Elfenbeinküste
68%
30'900'000 Nepal
68%
23'200'000 Taiwan
68%
35'600'000 Usbekistan
68%
35'600'000 Angola
63%
33'000'000 Mosambik
63%
20'000'000 Sambia
63%
18'000'000 Ecuador
58%
27'900'000 Kamerun
58%
17'900'000 Senegal
58%
17'800'000 Guatemala
53%
29'600'000 Madagaskar
53%
22'400'000 Sri Lanka
53%
20'400000 Malawi
47%
47'200'000 Uganda
47%
22'700'000 Burkina Faso
42%
Keine übereinstimmenden Quizze gefunden
Verteilung der Resultate
Anzahl Personen mit jedem Resultat
Perzentil nach korrekt beantworteten Fragen
Ihre Resultats-Entwicklung
Sie haben dieses Quiz noch nicht gespielt